Online katalóg knižníc regiónu Turca

Herodes a Herodias (Record no. 20972)

MARC details
000 -LEADER
fixed length control field 01604cam a2200445 a 4500
001 - CONTROL NUMBER
control field 20972
003 - CONTROL NUMBER IDENTIFIER
control field VRT
005 - DATE AND TIME OF LATEST TRANSACTION
control field 20260207125223.0
008 - FIXED-LENGTH DATA ELEMENTS--GENERAL INFORMATION
fixed length control field 230403s1950 xo 000 d slo
015 ## - NATIONAL BIBLIOGRAPHY NUMBER
National bibliography number SNBA19451955-004147
035 ## - SYSTEM CONTROL NUMBER
System control number SK01SNKBKSFS20010067271
035 ## - SYSTEM CONTROL NUMBER
System control number urn:nbn:sk:snk-am3i5p2
035 ## - SYSTEM CONTROL NUMBER
System control number 7A0DFC24-D6E9-4266-97EB-958261B252E8
035 ## - SYSTEM CONTROL NUMBER
System control number urn:nbn:sk:snk-am00dkzu
035 ## - SYSTEM CONTROL NUMBER
System control number SKM000069734
039 #9 - LEVEL OF BIBLIOGRAPHIC CONTROL AND CODING DETAIL [OBSOLETE]
Level of rules in bibliographic description 202304032045
Level of effort used to assign nonsubject heading access points VLOAD
Level of effort used to assign subject headings 202212050954
Level of effort used to assign classification VLOAD
Level of effort used to assign subject headings 202205110904
Level of effort used to assign classification VLOAD
Level of effort used to assign subject headings 202106231932
Level of effort used to assign classification VLOAD
040 ## - CATALOGING SOURCE
Original cataloging agency SNK
Language of cataloging slo
Transcribing agency SNK
Description conventions AACR2
041 0# - LANGUAGE CODE
Language code of text/sound track or separate title slo
044 ## - COUNTRY OF PUBLISHING/PRODUCING ENTITY CODE
MARC country code xo
ISO country code SK
080 ## - UNIVERSAL DECIMAL CLASSIFICATION NUMBER
Universal Decimal Classification number 885.4
Edition identifier 1981
100 1# - MAIN ENTRY--PERSONAL NAME
Personal name Hviezdoslav, Pavol Országh,
Dates associated with a name 1849-1921
Relationship aut
245 10 - TITLE STATEMENT
Title Herodes a Herodias
Remainder of title hra v 5 dejstvách
Statement of responsibility, etc. Hviezdoslav ; dramaticky upravil Janko Borodáč
250 ## - EDITION STATEMENT
Edition statement 1. vyd.
260 ## - PUBLICATION, DISTRIBUTION, ETC.
Place of publication, distribution, etc. Turčiansky Sv. Martin
Name of publisher, distributor, etc. Matica slovenská
Date of publication, distribution, etc. 1950
Place of manufacture Turčiansky Sv. Martin
Manufacturer Neografia
300 ## - PHYSICAL DESCRIPTION
Extent 99, [2] s.
Dimensions
366 ## - TRADE AVAILABILITY INFORMATION
Note 2000 výtl.
490 1# - SERIES STATEMENT
Series statement Slovenské divadlo
Volume/sequential designation sv. 5
500 ## - GENERAL NOTE
General note Frontispice
655 #7 - INDEX TERM--GENRE/FORM
Genre/form data or focus term slovenské drámy
Source of term SNKPH
700 1# - ADDED ENTRY--PERSONAL NAME
Personal name Borodáč, Janko,
Dates associated with a name 1892-1964
Relationship adp
830 #0 - SERIES ADDED ENTRY--UNIFORM TITLE
Uniform title Slovenské divadlo
910 ## - USER-OPTION DATA (OCLC)
User-option data snk
942 ## - ADDED ENTRY ELEMENTS (KOHA)
Source of classification or shelving scheme Dewey Decimal Classification
Koha item type Krásna literatúra pre dospelých
Suppress in OPAC No
949 ## - LOCAL PROCESSING INFORMATION (OCLC)
6 17A0532380
a snkSD 6707/5 D1
b snkD 1456/60
q rekatalogizácia
949 ## - LOCAL PROCESSING INFORMATION (OCLC)
6 17A0532379
a snkSD 6707/5 D2
b snkF 5966/62
q rekatalogizácia
949 ## - LOCAL PROCESSING INFORMATION (OCLC)
6 17A0532426
a snkSD 6707/5 D3
b snkF 7404/63
q rekatalogizácia
949 ## - LOCAL PROCESSING INFORMATION (OCLC)
6 2889022280
a savukM 9847
949 ## - LOCAL PROCESSING INFORMATION (OCLC)
6 17A0912651
a snkSD 6707/5
b snk5067/50
o I. 2190/50
s 6100:20190510
Holdings
Stav vyradenia Strata Poškodenie Spôsob nadobudnutia Domovská knižnica Aktuálna knižnica Dátum nadobudnutia Total checkouts Čiarový kód exemplára Date last seen Typ exemplára Verejná poznámka
      Dar Obecná knižnica Horná Štubňa Obecná knižnica Horná Štubňa 07.02.2026   4736201143 07.02.2026 Krásna literatúra pre dospelých divadelná hra
Projekt je podporený Slovenskou asociáciou knižníc
Prevádzkuje Turčianska knižnica Martin 2026